Objective KET : Student's book
Saved in:
| Main Author: | |
|---|---|
| Format: | Book |
| Language: | Undetermined |
| Published: |
Cambridge
Cambridge University Press
2010
|
| Subjects: | |
| Tags: |
Add Tag
No Tags, Be the first to tag this record!
|
| Institutions: | Trung tâm Học liệu Trường Đại học Cần Thơ |
|---|
| LEADER | 00585nam a2200217Ia 4500 | ||
|---|---|---|---|
| 001 | CTU_199664 | ||
| 008 | 210402s9999 xx 000 0 und d | ||
| 020 | |c 195000 | ||
| 082 | |a 428.0071 | ||
| 082 | |b C238 | ||
| 100 | |a Capel, Annette | ||
| 245 | 0 | |a Objective KET : | |
| 245 | 0 | |b Student's book | |
| 245 | 0 | |c Annette Capel, Wendy Sharp | |
| 260 | |a Cambridge | ||
| 260 | |b Cambridge University Press | ||
| 260 | |c 2010 | ||
| 650 | |a English language,English language | ||
| 650 | |x Examinations | ||
| 904 | |i Bằng | ||
| 980 | |a Trung tâm Học liệu Trường Đại học Cần Thơ | ||